| 000 | 00912nam a2200241 a 4500 | ||
|---|---|---|---|
| 005 | 20090630134434.0 | ||
| 008 | 010625s2001 ii b 000 0 eng | ||
| 010 | _aENG-94303 | ||
| 020 | _c100.00 | ||
| 035 | _aEN-77836 | ||
| 037 | _bDBAD / PUB | ||
| 040 |
_adpl _bEnglish |
||
| 082 | _a660.6 | ||
| 100 | _aAnjaneyulu, S. | ||
| 245 |
_aB.Sc. biotechnology second year-papaer-II: _cby S. Anjaneyulu [and] Ratna Kumari _b(at the end of second year) / |
||
| 260 |
_aGuntur _bJaya Sai Publications _c2007-08 |
||
| 270 |
_a11/1, Arundelpet, _bGuntur _e522002 |
||
| 300 |
_aVarious pagings _c21cm(pbk) |
||
| 490 | _aJaya Sai hi-tech science series | ||
| 700 | _aRatna Kumari | ||
| 942 |
_2ddc _cEN _mANJ _h660.6 |
||
| 999 |
_c27990 _d27990 |
||